I quattro codici della vita umana (Record n. 357948)

Dettagli MARC
000 -LEADER
campo di controllo lung. fissa 01460nam a22002057a 4500
003 - Identificatore del numero di controllo
campo di controllo IT-MiCISF
005 - Data e orario dell'ultima transazione
campo di controllo 20180709115948.0
008 - Elementi di lunghezza fissa--Informazione generale
campo di controllo lung. fissa 180709b ||||| |||| 00| 0 eng d
040 ## - Fonte della catalogazione
Agenzia che fa la trascrizione IT-MiCISF
041 ## - Codice di lingua
Codice di lingua del testo/traccia sonora o titolo separato it
100 ## - Accesso principale -- nome di persona
Nome di persona Punzi Ignazio
9 (RLIN) 56042
245 ## - Formulazione del titolo
Titolo I quattro codici della vita umana
Complemento del titolo Filialità, maternità, paternità, fraternità
260 ## - Pubblicazione, distribuzione, ecc. (stampa)
Luogo di pubblicazione, distribuzione, ecc. Cinisello B. (MI)
Nome dell'editore, distributore, ecc. San Paolo
Data di pubblicazione, distribuzione, ecc. 2018
300 ## - Descrizione fisica
Estensione pp. 172
500 ## - Nota generale
Nota generale famiglia, ruoli-familiari, rapporti-familiari, rapporti-genitori-figli, rapporti-fratelli, paternità, maternità
520 ## - Riassunto, ecc.
Nota di riassunto, ecc. La misura del livello di interiorizzazione dei codici filiale, materno, paterno e fraterno determina il grado di armonia e maturità che abbiamo raggiunto. Per armonia e maturità intendiamo la capacità di accogliere e offrire vita, di avere cura di sé e degli altri, di nutrire la propria interiorità, di vivere tutti gli eventi in maniera evolutiva, di abitare il conflitto in maniera generativa, di elaborare le perdite, di riconciliarsi con la propria storia, di perdonare e perdonarsi, di innovarsi e rigenerarsi, di vivere la fedeltà al proprio desiderio, di sentirsi responsabili nei confronti di chi ci è accanto e dell'ambiente naturale nel quale viviamo. Questo libro offre un modello antropologico conoscitivo e operativo per stare dentro tali processi con una consapevolezza e un'interiorità nuove.
650 ## - Accesso aggiunto di soggetto--termine topico
Termine topico o nome geografico come accesso famiglia
9 (RLIN) 56036
654 ## - Accesso aggiunto di soggetto--termini topici faccettati
Termine principale saggio
942 ## - Dati aggiuntivi (Koha)
Fonte della classificazione o dello schema di collocazione (segnatura) Dewey Decimal Classification
Tipo copia default (Koha) LIBRO
Dati di copia
Ritirato (status) Perso (status) Fonte della classificazione o dello schema di collocazione (segnatura) Danneggiato (status) Non per il presito Biblioteca proprietaria Biblioteca in cui si trova Data d'acquisizione Totale prestiti Collocazione Codice a barre Data ultima operazione Prezzo in vigore dal Tipo copia default (Koha)
    Dewey Decimal Classification Buone Condizioni Not For Loan CISF - Milano CISF - Milano 09/07/2018   a2271 9788892211865 09/07/2018 09/07/2018 LIBRO
CREDITS: SOCIETA' SAN PAOLO Via A.Severo, 58 - ROMA (RM) & PERIODICI SAN PAOLO SRL Via Giotto, 36 MILANO & CISF Via Giotto, 36 MILANO & EDIZIONI SAN PAOLO SRL,  Piazza Soncino, 5 CINISELLO BALSAMO (MI) -- ITALY